Kế toán tài chính

محفوظ في:
التفاصيل البيبلوغرافية
المؤلف الرئيسي: Võ, Văn Nhị
التنسيق: كتاب
اللغة:Undetermined
منشور في: Hà Nội Tài Chính 2004
الموضوعات:
الوسوم: إضافة وسم
لا توجد وسوم, كن أول من يضع وسما على هذه التسجيلة!
Thư viện lưu trữ: Trung tâm Học liệu Trường Đại học Cần Thơ
LEADER 00524nam a2200205Ia 4500
001 CTU_64665
008 210402s9999 xx 000 0 und d
020 |c 90000 
082 |a 657.4 
082 |b Nh300 
100 |a Võ, Văn Nhị 
245 0 |a Kế toán tài chính 
245 0 |c Võ Văn Nhị 
260 |a Hà Nội 
260 |b Tài Chính 
260 |c 2004 
650 |a Finance,Accounting 
650 |x Management 
904 |i Minh 
980 |a Trung tâm Học liệu Trường Đại học Cần Thơ